[Event "CRO-chT2 Center"]
[Site "Croatia"]
[Date "2011.03.27"]
[Round "3.36"]
[White "Jazvic, Ivan"]
[Black "Vodopija, Goran"]
[Result "0-1"]
[WhiteElo "1913"]
[BlackElo "2137"]
[PlyCount "120"]
[EventDate "2011.03.20"]
[EventType "team-tourn"]
[EventRounds "11"]
[EventCountry "CRO"]
[SourceTitle "EXT 2014"]
[Source "ChessBase"]
[SourceDate "2013.11.20"]
[SourceVersion "1"]
[SourceVersionDate "2013.11.20"]
[SourceQuality "1"]

1. e4 e5 2. Bc4 Bc5 3. Nf3 Nc6 4. d3 Nf6 5. Bg5 h6 6. Be3 Qe7 7. Nc3 a6 8. a3 0-0 9. Qd2 Nd4 10. Nh4 Kh7 11. h3 d6 12. Nf3 Be6 13. Bxe6 fxe6 14. Bxd4 exd4 15. Ne2 e5 16. 0-0 Nh5 17. Kh2 Rf7 18. Nfg1 Raf8 19. f3 c6 20. g3 Bb6 21. Kg2 d5 22. h4 Bd8 23. Nh3 dxe4 24. dxe4 c5 25. Qd3 Qe6 26. c4 Kg8 27. f4 Nf6 28. Rae1 Ng4 29. Rf3 Ne3+ 30. Rxe3 dxe3 31. f5 Qc6 32. Nc3 Rxf5 33. Nd5 R5f7 34. Qxe3 b6 35. Re2 Qe6 36. Rf2 Rxf2+ 37. Nxf2 Qf7 38. Qe2 b5 39. Ng4 Qe6 40. Nge3 bxc4 41. Qxc4 Kh7 42. Qe2 Rf7 43. b4 cxb4 44. axb4 Rb7 45. Qc4 Rb8 46. Qe2 Be7 47. Nxe7 Qxe7 48. Nd5 Qd6 49. Qc4 Qg6 50. Qc2 Qg4 51. Ne3 Qc8 52. Qd2 Qc6 53. Nd5 Rc8 54. Kf3 Qc2 55. Ke3 Qb1 56. Qd3 Qg1+ 57. Kd2 Qc1+ 58. Ke2 Rc2+ 59. Kf3 h5 60. Nf6+ Kg6 0-1

[Event "CRO-chT2 Center"]
[Site "Croatia"]
[Date "2011.03.20"]
[Round "1.25"]
[White "Matko, Ognjen"]
[Black "Jazvic, Ivan"]
[Result "1-0"]
[WhiteElo "2236"]
[BlackElo "1913"]
[PlyCount "45"]
[EventDate "2011.03.20"]
[EventType "team-tourn"]
[EventRounds "11"]
[EventCountry "CRO"]
[SourceTitle "EXT 2014"]
[Source "ChessBase"]
[SourceDate "2013.11.20"]
[SourceVersion "1"]
[SourceVersionDate "2013.11.20"]
[SourceQuality "1"]

1. e4 c5 2. Nf3 e6 3. d4 cxd4 4. Nxd4 Nc6 5. Nc3 a6 6. Nxc6 bxc6 7. e5 d5 8. exd6 Bxd6 9. Bd3 f5 10. Qh5+ g6 11. Qe2 Qf6 12. h4 h6 13. Bd2 Qe5 14. 0-0-0 Ne7 15. Qf3 Kf7 16. g4 Rb8 17. gxf5 exf5 18. Bc4+ Kg7 19. Na4 Bb4 20. Bf4 Qa5 21. Bxb8 Be6 22. Bc7 Qxc7 23. Bxe6 1-0

[Event "Velika Gorica op 9th"]
[Site "Velika Gorica"]
[Date "2010.08.23"]
[Round "1"]
[White "Pandurevic, Miro"]
[Black "Jazvic, Ivan"]
[Result "1-0"]
[WhiteElo "2242"]
[BlackElo "1923"]
[PlyCount "41"]
[EventDate "2010.08.23"]
[EventType "swiss"]
[EventRounds "9"]
[EventCountry "CRO"]
[SourceTitle "CBM 138 Extra"]
[Source "ChessBase"]
[SourceDate "2010.10.29"]
[SourceVersion "1"]
[SourceVersionDate "2010.10.29"]
[SourceQuality "1"]

1. Nf3 d5 2. g3 c5 3. Bg2 Nc6 4. 0-0 e5 5. d3 Be7 6. Nbd2 g5 7. e4 dxe4 8. Nxe4 g4 9. Nfd2 h5 10. Nb3 Qb6 11. Be3 Nd4 12. c3 Nxb3 13. axb3 f5 14. Nd2 Qc7 15. f4 gxf3 16. Qxf3 Nf6 17. Bg5 Kf7 18. Nc4 h4 19. Rae1 Bd6 20. Ne3 hxg3 21. Bxf6 1-0